[Event "EU-ch Seniors 50 14th"]
[Site "Porto"]
[Date "2014.03.11"]
[Round "3"]
[White "Hermes, Geoff R"]
[Black "Furman, Boris"]
[Result "0-1"]
[WhiteElo "1930"]
[BlackElo "2225"]
[PlyCount "80"]
[EventDate "2014.03.09"]
[EventType "swiss"]
[EventRounds "9"]
[EventCountry "POR"]
[SourceTitle "CBM 159 Extra"]
[Source "ChessBase"]
[SourceDate "2014.04.24"]
[SourceVersion "1"]
[SourceVersionDate "2014.04.24"]
[SourceQuality "1"]

1. e4 c5 2. c3 Nf6 3. e5 Nd5 4. d4 cxd4 5. cxd4 d6 6. Nf3 Nc6 7. exd6 Qxd6 8. Nc3 Bg4 9. Be2 e6 10. 0-0 Be7 11. Ne4 Qc7 12. Bg5 0-0 13. Bxe7 Ndxe7 14. Neg5 h6 15. Ne4 Rfd8 16. Rc1 Qf4 17. Qc2 Bxf3 18. Bxf3 Nxd4 19. Qd3 Nxf3+ 20. Qxf3 Qxf3 21. gxf3 Rac8 22. Kg2 Nd5 23. Kg3 Kf8 24. a3 b6 25. Rfd1 f5 26. Nc3 Nxc3 27. Rxd8+ Rxd8 28. Rxc3 Ke7 29. h4 g5 30. hxg5 hxg5 31. Rc7+ Rd7 32. Rc8 Kf6 33. Rf8+ Ke5 34. Rg8 Rd2 35. Rxg5 Rxb2 36. Rg6 Ra2 37. f4+ Kd6 38. Kf3 Rxa3+ 39. Ke2 a5 40. Kd2 Rf3 0-1

[Event "Gibraltar Masters 12th"]
[Site "Caleta"]
[Date "2014.01.30"]
[Round "3"]
[White "Hermes, Geoff R"]
[Black "Neumanova, Monika"]
[Result "0-1"]
[WhiteElo "1998"]
[BlackElo "1719"]
[PlyCount "90"]
[EventDate "2014.01.28"]
[EventType "swiss"]
[EventRounds "10"]
[EventCountry "GGB"]
[SourceTitle "CBM 159"]
[Source "ChessBase"]
[SourceDate "2014.03.17"]
[SourceVersion "1"]
[SourceVersionDate "2014.03.17"]
[SourceQuality "1"]

1. e4 c5 2. c3 d5 3. exd5 Qxd5 4. d4 e6 5. Nf3 Nf6 6. Na3 a6 7. Be3 Ng4 8. Nc4 Nd7 9. Bg5 cxd4 10. Qxd4 Qxd4 11. Nxd4 b5 12. Na5 Bc5 13. Bh4 0-0 14. h3 Nge5 15. Be2 Bb6 16. Ndb3 Ng6 17. Bg3 e5 18. 0-0 Re8 19. Rfe1 f5 20. Bh5 e4 21. Bxg6 hxg6 22. Rad1 g5 23. Bd6 e3 24. fxe3 Bxe3+ 25. Kf1 Nf6 26. Bc5 Bf4 27. Rxe8+ Nxe8 28. Rd8 Kf7 29. Kf2 Bc7 30. Rd2 Nf6 31. Ke2 Ne4 32. Rd5 Be6 33. Rd1 Nxc5 34. Nxc5 Bxa5 35. Rd6 Bc4+ 36. Kd2 b4 37. Rd7+ Kf8 38. b3 bxc3+ 39. Kc2 Bf7 40. Nb7 Bb4 41. Nd8 Bg8 42. Nc6 a5 43. Ne5 Bh7 44. Nc4 f4+ 45. Kc1 Re8 0-1

[Event "BCF-chT3S 1314 (4NCL)"]
[Site "England"]
[Date "2013.11.17"]
[Round "2.129"]
[White "Smith, Graham M"]
[Black "Hermes, Geoff R"]
[Result "1/2-1/2"]
[WhiteElo "2057"]
[BlackElo "1997"]
[PlyCount "82"]
[EventDate "2013.11.16"]
[EventType "team-swiss"]
[EventRounds "6"]
[EventCountry "ENG"]
[SourceTitle "CBM 157 Extra"]
[Source "ChessBase"]
[SourceDate "2013.12.19"]
[SourceVersion "1"]
[SourceVersionDate "2013.12.19"]
[SourceQuality "1"]
[WhiteTeam "MK Phoenix"]
[BlackTeam "Fermented Sharks"]
[WhiteTeamCountry "ENG"]
[BlackTeamCountry "ENG"]

1. e4 d6 2. d4 Nf6 3. Nc3 c6 4. f4 Qa5 5. e5 Ne4 6. Qf3 d5 7. Bd3 Na6 8. Nge2 Nb4 9. 0-0 Nxd3 10. cxd3 Nxc3 11. bxc3 g6 12. g4 e6 13. Bd2 Bd7 14. Ng3 0-0-0 15. f5 Rg8 16. fxg6 fxg6 17. Bg5 Re8 18. Qf7 Bg7 19. Ne2 Qa3 20. Bf6 Bxf6 21. exf6 Rgf8 22. Qxh7 Rh8 23. Qg7 Reg8 24. Qe7 Qb2 25. f7 Rf8 26. Rae1 Qd2 27. Qf6 g5 28. Qf3 Rh7 29. Rd1 Qb2 30. Rb1 Qc2 31. Qe3 Rhxf7 32. Rfc1 Rf3 33. Qxf3 Qxc1+ 34. Rxc1 Rxf3 35. Rd1 e5 36. dxe5 Bxg4 37. Rd2 Re3 38. Kf2 Rxe5 39. Ng3 Kd7 40. d4 Re7 41. Rc2 Rf7+ 1/2-1/2

[Event "Guernsey op"]
[Site "Guernsey"]
[Date "2013.10.23"]
[Round "4"]
[White "Brookfield, Toby"]
[Black "Hermes, Geoff R"]
[Result "1/2-1/2"]
[WhiteElo "1892"]
[BlackElo "1995"]
[PlyCount "64"]
[EventDate "2013.10.20"]
[EventType "swiss"]
[EventRounds "7"]
[EventCountry "GCI"]
[SourceTitle "CBM 157 Extra"]
[Source "ChessBase"]
[SourceDate "2013.12.19"]
[SourceVersion "1"]
[SourceVersionDate "2013.12.19"]
[SourceQuality "1"]

1. f4 d6 2. Nf3 Nf6 3. e3 c6 4. b3 Nbd7 5. Bb2 Qc7 6. Be2 e5 7. fxe5 dxe5 8. 0-0 Bd6 9. Nc3 0-0 10. Qe1 e4 11. Ng5 Bxh2+ 12. Kh1 Bg3 13. Qd1 Be5 14. d4 exd3 15. Bxd3 h6 16. Nf3 Ng4 17. Qe2 Ndf6 18. Rab1 Bxc3 19. Bxc3 Nh5 20. Kg1 Ng3 21. Qd2 Nxf1 22. Rxf1 Be6 23. Qe1 f6 24. Qh4 Nxe3 25. Qe4 Bf5 26. Qxe3 Bxd3 27. Qxd3 Rad8 28. Qc4+ Qf7 29. Qg4 Qd7 30. Qg6 Qf7 31. Qg4 Qd7 32. Qg6 Qf7 1/2-1/2

[Event "Gibraltar Challengers-A 11th"]
[Site "Caleta"]
[Date "2013.01.22"]
[Round "2"]
[White "Taus, Martin"]
[Black "Hermes, Geoff R"]
[Result "1-0"]
[WhiteElo "2181"]
[BlackElo "1968"]
[PlyCount "75"]
[EventDate "2013.01.21"]
[EventType "swiss"]
[EventRounds "5"]
[EventCountry "GGB"]
[SourceTitle "EXT 2014"]
[Source "ChessBase"]
[SourceDate "2013.11.20"]
[SourceVersion "1"]
[SourceVersionDate "2013.11.20"]
[SourceQuality "1"]

1. e4 d6 2. d4 Nf6 3. Nc3 c6 4. Nf3 Bg4 5. Be2 e6 6. 0-0 d5 7. exd5 cxd5 8. Bf4 Bd6 9. Ne5 Bxe2 10. Qxe2 a6 11. Na4 0-0 12. Nc5 Bxc5 13. dxc5 Qc8 14. b4 Nc6 15. c3 Ne4 16. Qe3 Nxe5 17. Bxe5 f6 18. f3 fxe5 19. fxe4 Qc7 20. Rad1 Rxf1+ 21. Rxf1 Rf8 22. Rxf8+ Kxf8 23. exd5 exd5 24. Qd3 Qf7 25. Qxh7 Qf4 26. Qd3 Ke7 27. Qxd5 Qc1+ 28. Kf2 Qf4+ 29. Ke2 Qg4+ 30. Kd3 Qd1+ 31. Kc4 Qe2+ 32. Kb3 e4 33. Qxb7+ Kf6 34. Qc6+ Kf5 35. Qd5+ Kf4 36. c6 Qd3 37. Qxd3 exd3 38. c7 1-0